| 000 | 01144nam a22003617a 4500 | ||
|---|---|---|---|
| 001 | 4206778 | ||
| 003 | OSt | ||
| 005 | 20210421054121.0 | ||
| 008 | 811014s1982 nyub 001 0 eng | ||
| 010 | _a 81018573 | ||
| 020 | _a0070585717 : | ||
| 040 |
_aeng _cDLC _deng |
||
| 041 | _aeng | ||
| 043 |
_an-us--- _an-usu-- |
||
| 050 | 0 | 0 |
_aE468 _b.S64 1982 |
| 080 |
_a94 _bS-68 |
||
| 082 | 0 | 0 |
_a973.7 _219 |
| 100 | 1 | _aSmith, Page. | |
| 245 | 1 | 0 |
_aTrial by fire : Volume 5 _ba people's history of the Civil War and Reconstruction / _cPage Smith. |
| 260 |
_aNew York : _bMcGraw-Hill, _cc1982. |
||
| 300 |
_axvi, 1038 p. : _bmaps ; _c25 cm. |
||
| 365 | _b29.95 usd | ||
| 500 | _a"Volume five." | ||
| 500 | _aMaps on lining papers. | ||
| 500 | _aIncludes index. | ||
| 650 | 0 | _aReconstruction (U.S. history, 1865-1877) | |
| 650 | 0 |
_aHistory _9252 |
|
| 651 | 0 |
_aUnited States _xHistory _yCivil War, 1861-1865. |
|
| 653 | _aისტორია | ||
| 653 | _aამერიკის შეერთებული შტატების ისტორია | ||
| 906 |
_a7 _bcbc _corignew _d1 _eocip _f19 _gy-gencatlg |
||
| 942 |
_2udc _cBK |
||
| 999 |
_c598 _d598 |
||